Llyod loom : woven fibre furniture.
| Main Author: | |
|---|---|
| Format: | Book |
| Published: |
London:
Salamander Books,
1991.
|
| Subjects: |
| LEADER | 00466cam a2200169 7i4500 | ||
|---|---|---|---|
| 001 | 0000004816 | ||
| 005 | 19991025090000.0 | ||
| 002 | ##000006361 | ||
| 020 | 0 | 0 | |a 0-86101-508-6 |
| 090 | 0 | 0 | |a DE 749.3 |b CUR |
| 100 | 1 | 0 | |a Curtis |
| 245 | 0 | 0 | |a Llyod loom : |b woven fibre furniture. |
| 260 | 0 | 0 | |a London: |b Salamander Books, |c 1991. |
| 300 | 0 | 0 | |a 160 p.. |
| 650 | 0 | 0 | |a Furniture |
| 650 | 0 | 0 | |a Designs -- |x Wicker furniture |
| 999 | |a 0000006502 |b Book |c Open shelf |e Business Information Centre | ||